Prepočet a účtovanie menovitej hodnoty základného imania v spoločnosti s ručením obmedzeným pri prechode na euro

Spoločnosť s ručením obmedzeným - charakteristika. Spoločníci v spoločnosti a ich vklady. Praktické príklady na objasnenie postupu pri premene (prepočte) menovitej hodnoty základného imania a súvisiacich vkladov spoločníkov do základného imania spoločnosti s ručením obmedzeným.

Na minha lista:
Detalhes bibliográficos
Autor principal: Máziková, Katarína
Outros Autores: Rusňáková, Lucia
Formato: Capítulo de Livro
Idioma:eslovaco
Assuntos:
Tags: Adicionar Tag
Sem tags, seja o primeiro a adicionar uma tag!

MARC

LEADER 00000naa$a2200000$$$4500
001 0078601
005 20240502071912.8
041 0 |a slo 
044 |a SK 
245 1 0 |a Prepočet a účtovanie menovitej hodnoty základného imania v spoločnosti s ručením obmedzeným pri prechode na euro  |c Katarína Máziková, Lucia Rusňáková 
520 |a Spoločnosť s ručením obmedzeným - charakteristika. Spoločníci v spoločnosti a ich vklady. Praktické príklady na objasnenie postupu pri premene (prepočte) menovitej hodnoty základného imania a súvisiacich vkladov spoločníkov do základného imania spoločnosti s ručením obmedzeným. 
610 2 0 |a spoločnosti s r.o. 
610 2 0 |a imanie základné 
610 2 0 |a účtovanie 
610 2 0 |a euro 
100 1 |a Máziková, Katarína 
700 1 |a Rusňáková, Lucia